Usury Act No. 73 of 1968 (Record no. 99)

MARC details
000 -LEADER
fixed length control field 00468nam a22001697a 4500
005 - DATE AND TIME OF INPUT
control field 20231026144633.0
008 - DATA ELEMENTS--GENERAL INFORMATION
fixed length control field 231026b |||||||| |||| 00| 0 eng d
020 ## - INTERNATIONAL STANDARD BOOK NUMBER
International Standard Book Number 0409014427
041 ## - LANGUAGE CODE
Language code of text English
082 ## - SHELF NUMBER
DDC number 346.7
100 ## - MAIN AUTHOR
Language of a work English
245 ## - TITLE STATEMENT
Title Usury Act No. 73 of 1968
260 ## - PUBLICATION, DISTRIBUTION, ETC.
Place of publication, distribution, etc. Durban :
Name of publisher, distributor, etc. Butterworths Publishers (Pty) Ltd,
Date of publication, distribution, etc. 1998
300 ## - PHYSICAL DESCRIPTION
Other physical details 325 pages ;
Dimensions 26 cm.
650 ## - SUBJECT`
Broad subject Legal practice
Own subject terms Law
942 ## - ADDED ENTRY ELEMENTS (KOHA)
Item type Books
942 ## - ADDED ENTRY ELEMENTS (KOHA)
-- ALISON_BN_VRIES
Holdings
Source of classification or shelving scheme Not for loan Collection code Home library Current library Shelving location Date acquired Full call number Barcode Price effective from Koha item type
Dewey Decimal Classification   TEXT BOOKS LAW SOCIETY OF NAMIBIA LIBRARY - WINDHOEK LAW SOCIETY OF NAMIBIA LIBRARY - WINDHOEK INSOLVENCY AND INSURANCE 10/26/2023 346.7 OTT LSN/1998/65 10/26/2023 Books